Základné ukazovatele malých organizácií s činnosťou vybraných trhových služieb 1. štvrťrok 1993

Gespeichert in:
Bibliographische Detailangaben
Format: Buch
Sprache:Slowakisch
Veröffentlicht: Bratislava Štatistický úrad SR 1993
Schlagworte:
Tags: Tag hinzufügen
Keine Tags, Fügen Sie das erste Tag hinzu!

MARC

LEADER 00000nam a2200000 4500
001 c004363
005 20251218111830.3
041 0 |a slo 
044 |a SK 
245 1 0 |a Základné ukazovatele malých organizácií s činnosťou vybraných trhových služieb  |b 1. štvrťrok 1993 
264 1 |a Bratislava  |b Štatistický úrad SR  |c 1993 
300 |a 66 s. 
610 2 0 |a Slovensko 
610 2 0 |a podnikanie drobné 
610 2 0 |a služby 
610 2 0 |a tržby